000 00294nam a22001217a 4500
008 150417b xxu||||| |||| 00| 0 eng d
020 _a9780071794336
020 _a0071794336
041 0 _aeng
080 _a531.61
245 1 0 _aAlternative energy demystified /
_cStan Gibilisco.
942 _2udc
_cBK
999 _c707
_d707